| 000 | 00549nam a2200181 i 4500 | ||
|---|---|---|---|
| 001 | 26612 | ||
| 003 | ES-MaACL | ||
| 005 | 20230906153455.0 | ||
| 007 | t| | ||
| 008 | 030109s1969 sp ||||1| spa d | ||
| 100 | 1 |
_aAurelio, Luis. _923927 |
|
| 245 | 1 | 0 |
_aGuía poética de Mieres _b: (en la ruta de la plata) / _cpor Luis Aurelio ; prólogo de Paulino Posada. |
| 250 | _a[1ª ed.]. | ||
| 260 |
_a[Oviedo : _bRichard Grandio], _c1969. |
||
| 300 |
_a233 p. ; _c21 cm. |
||
| 700 | 1 |
_aPosada, Paulino. _993326 |
|
| 852 |
_aES-MaACL _jC-48454 _bR.72525 |
||
| 999 |
_c26612 _d26612 |
||